| 000 | 00541cam a22002171 4500 | ||
|---|---|---|---|
| 001 | sa 64004663 | ||
| 003 | DLC | ||
| 005 | 20260227112027.0 | ||
| 008 | 890316s1963 xx 000 0 hino | ||
| 010 | _asa 64004663 | ||
| 035 | _a(OCoLC)23557666 | ||
| 040 |
_aDLC _cMiU _dDLC |
||
| 042 | _apremarc | ||
| 050 | 0 | 0 |
_aJA69 _b.D75 |
| 100 | 1 |
_aDubey, S. N. _q(Sumati Narain), _d1936- |
|
| 245 | 1 | 0 | _aRājanīti-śāstra praveśikā. |
| 260 | _c[1963] | ||
| 300 |
_a2, 367 p. _c23 cm. |
||
| 500 | _aRomanized. | ||
| 650 | 0 | _aPolitical science | |
| 999 |
_c58673 _d58673 |
||